Guggenheim Bilbao (Record no. 4281)
[ view plain ]
| 000 -LEADER | |
|---|---|
| fixed length control field | 00239nam a2200097Ia 4500 |
| 008 - FIXED-LENGTH DATA ELEMENTS--GENERAL INFORMATION | |
| fixed length control field | 200302s9999 xx 000 0 und d |
| 100 ## - MAIN ENTRY--PERSONAL NAME | |
| Personal name | Jeff Goldberg |
| 245 ## - TITLE STATEMENT | |
| Title | Guggenheim Bilbao |
| 260 ## - PUBLICATION, DISTRIBUTION, ETC. | |
| Name of publisher, distributor, etc. | Princeton Architectural Press |
| 300 ## - PHYSICAL DESCRIPTION | |
| Extent | 40 P., |
| Withdrawn status | Lost status | Damaged status | Not for loan | Permanent Location | Current Location | Date acquired | Cost, normal purchase price | Full call number | Barcode | Date last seen | Price effective from | Koha item type |
|---|---|---|---|---|---|---|---|---|---|---|---|---|
| BMS College of Architecture, Design and Planning | BMS College of Architecture, Design and Planning | 2020-03-03 | 1052.00 | 727.709747 | CL-UG69272 | 2020-03-03 | 2020-03-03 | UG Books from CL |